| 000 | 00400nam a2200169Ia 4500 | ||
|---|---|---|---|
| 008 | 180207s9999 xx 000 0 und d | ||
| 020 | _a688027954 | ||
| 050 | _bN793 1984 | ||
| 100 | _aNoll, Sally. | ||
| 245 | _aOff and counting / | ||
| 245 | _cSally Noll. | ||
| 260 | _aNew York : | ||
| 260 | _bGreenwillow Books, | ||
| 260 | _c1984 | ||
| 300 | _aunpaged : | ||
| 300 | _bcolor illustration ; | ||
| 999 |
_c355057 _d355057 |
||